Methods of teaching librarianship (Record no. 23258)

MARC details
000 -LEADER
fixed length control field 00265nam a2200109Ia 4500
082 ## - DEWEY DECIMAL CLASSIFICATION NUMBER
Item number SAB
100 ## - MAIN ENTRY--AUTHOR NAME
Personal name Sabor, Josefa E
245 #0 - TITLE STATEMENT
Title Methods of teaching librarianship
260 ## - PUBLICATION, DISTRIBUTION, ETC. (IMPRINT)
Place of publication Paris
Name of publisher Unesco
Year of publication 1969
942 ## - ADDED ENTRY ELEMENTS (KOHA)
Koha item type Books
Holdings
Withdrawn status Lost status Damaged status Not for loan Home library Current library Date acquired Cost, normal purchase price Full call number Accession Number Koha item type
        RRII Library RRII Library 16/12/2021 25.00 SAB 03958 Books